| 000 | 00528nam a2200169 i 4500 | ||
|---|---|---|---|
| 001 | 128732 | ||
| 003 | ES-MaACL | ||
| 005 | 20230906193342.0 | ||
| 007 | t| | ||
| 008 | 070524s1964 sp ||||1| spa d | ||
| 100 | 1 |
_aTapia Ozcariz, Enrique de. _9109240 |
|
| 245 | 1 | 4 |
_aLas Cortes de Castilla 1188-1833 / _cEnrique de Tapia Ozcariz. |
| 260 |
_aMadrid : _bRevista de Derecho Privado, _c[1964] |
||
| 300 |
_aXVI, 256 p. : _bil. ; _c22cm. |
||
| 710 | 2 |
_aRevista de Derecho Privado. _96443 |
|
| 852 |
_aES-MaACL _jC-25886 _bR.54709 |
||
| 999 |
_c128732 _d128732 |
||